| 000 -LEADER |
| fixed length control field |
00408cam a22001337a 4500 |
| 008 - FIXED-LENGTH DATA ELEMENTS--GENERAL INFORMATION |
| fixed length control field |
180718b1948 xxu||||| |||| 00| 0 eng d |
| 082 ## - DEWEY DECIMAL CLASSIFICATION NUMBER |
| Classification number |
K933 R118 |
| 100 ## - MAIN ENTRY--PERSONAL NAME |
| Personal name |
Radford, E. & M. A. |
| 245 ## - TITLE STATEMENT |
| Title |
Encyclopaedia of superstitions |
| Statement of responsibility, etc. |
by E. & M. A. Radford; edited by Christina Hole |
| 260 ## - PUBLICATION, DISTRIBUTION, ETC. |
| Place of publication, distribution, etc. |
London |
| Name of publisher, distributor, etc. |
Hutchinson |
| Date of publication, distribution, etc. |
1948 |
| 300 ## - PHYSICAL DESCRIPTION |
| Extent |
384p. |
| 650 ## - SUBJECT ADDED ENTRY--TOPICAL TERM |
| Topical term or geographic name entry element |
Superstitions --Encyclopaedia |
| 700 ## - ADDED ENTRY--PERSONAL NAME |
| Personal name |
Hole, Christina |